भगवान श्री परशुराम व श्री क्षेत्र. (Record no. 269232)

MARC details
000 -LEADER
fixed length control field 00744nam a2200181Ia 4500
008 - FIXED-LENGTH DATA ELEMENTS--GENERAL INFORMATION
fixed length control field 090630s9999 xx 000 0 und d
082 ## - DEWEY DECIMAL CLASSIFICATION NUMBER
Item number 17376
100 ## - MAIN ENTRY--PERSONAL NAME
Personal name परशुराम भक्त.
245 ## - TITLE STATEMENT
Title भगवान श्री परशुराम व श्री क्षेत्र.
Statement of responsibility, etc परशुराम भक्त.
260 ## - PUBLICATION, DISTRIBUTION, ETC. (IMPRINT)
Name of publisher, distributor, etc ---
300 ## - PHYSICAL DESCRIPTION
Extent 0
600 ## - SUBJECT ADDED ENTRY--PERSONAL NAME
Personal name परशुराम भक्त.
630 ## - SUBJECT ADDED ENTRY--UNIFORM TITLE
Uniform title भगवान श्री परशुराम व श्री क्षेत्र.
655 ## - INDEX TERM--GENRE/FORM
Genre/form data or focus term धार्मिक.
700 ## - ADDED ENTRY--PERSONAL NAME
Personal name परशुराम भक्त.
730 ## - ADDED ENTRY--UNIFORM TITLE
Uniform title भगवान श्री परशुराम व श्री क्षेत्र.
942 ## - ADDED ENTRY ELEMENTS (KOHA)
Koha item type Book
Holdings
Withdrawn status Lost status Damaged status Not for loan Home library Current library Date acquired Cost, normal purchase price Total Checkouts Full call number Barcode Date last seen Cost, replacement price Price effective from Koha item type
        Sarvajanik Wachanalaya Shrivardhan Sarvajanik Wachanalaya Shrivardhan 02/08/2004 4.50   17376 SAWASHRI-17376 06/30/2009 4.50 06/30/2009 Book